000 00759nam a22002177a 4500
005 20250930115126.0
010 _aENG-146898
020 _a9789369580149
_c449.00
035 _aEN-130430
037 _bDBAD
082 _21
_a624.39
100 _aSrinivasan R,
_985298
245 _aA Textbook on Design Thinking: Principles, Processes and Applications/
_cSrinivasan R, Prof.; Mohammed Ismail [and] Arulmozhi Srinivasan
250 _a1
260 _aUttar Pradesh
_bS. Chand Publishing
_c2025
270 _aD-92, Sector-2, Noida
_bUttar Pradesh
_e201301
_k61-120-4682700
300 _a312p.
_c24cm(pb)
700 _aMohammed Ismail
_eAuthor
_985299
700 _aSrinivasan, Arulmozhi
_eAuthor
_985300
942 _2ddc
_cEN
_h621.39
_mSRI
999 _c213523
_d213523